[Event "127th NZ Congress Major 2020"]
[Site "Tauranga"]
[Date "2020.01.16"]
[Round "1.1"]
[White "Pakenham, John"]
[Black "Patterson, Miles"]
[Result "0-1"]
[WhiteElo "1624"]
[BlackElo "1954"]
[Annotator "NA"]
[PlyCount "48"]
[EventDate "2020.01.14"]
[EventType "swiss"]
[EventCountry "NZL"]
[SourceTitle "playchess.com"]
[Source "ChessBase"]
[SourceQuality "1"]
[TimeControl "40/5400+30:1800+30"]

1. d4 {[%emt 0:00:00]} Nf6 {[%emt 0:00:00]} 2. c4 {[%emt 0:00:30]} c5 {[%emt 0:00:30]} 3. d5 {[%emt 0:00:30]} b5 {[%emt 0:00:30]} 4. cxb5 {[%emt 0:00:00]} a6 {[%emt 0:00:00]} 5. g3 {[%emt 0:00:37]} g6 {[%emt 0:00:00]} 6. Bg2 {[%emt 0:00:27]} d6 {[%emt 0:00:10]} 7. e4 {[%emt 0:00:54]} Bg7 {[%emt 0:02:12]} 8. Ne2 {[%emt 0:01:13]} axb5 {[%emt 0:01:08]} 9. O-O {[%emt 0:01:35]} O-O {[%emt 0:00:06]} 10. Na3 {[%emt 0:01:47]} Ba6 {[%emt 0:02:50]} 11. Qc2 {[%emt 0:02:15]} Nbd7 {[%emt 0:01:46]} 12. h3 {[%emt 0:03:21]} Rb8 {[%emt 0:01:58]} 13. Rb1 {[%emt 0:02:05]} Nb6 {[%emt 0:04:48]} 14. b3 {[%emt 0:05:26]} Nfd7 {[%emt 0:11:54]} 15. Bb2 {[%emt 0:07:16]} b4 {[%emt 0:00:47]} 16. Bxg7 {[%emt 0:02:03]} Kxg7 {[%emt 0:00:05]} 17. Nc4 {[%emt 0:01:37]} Nxc4 {[%emt 0:00:16]} 18. bxc4 {[%emt 0:00:30]} Nb6 {[%emt 0:02:07]} 19. Rfc1 {[%emt 0:02:42]} Bxc4 {[%emt 0:02:10]} 20. Nf4 {[%emt 0:01:36]} Ra8 {[%emt 0:07:16]} 21. Ra1 {[%emt 0:00:48]} Ra3 {[%emt 0:59:57]} 22. Ne2 {[%emt 0:02:18]} Qa8 {[%emt 0:00:00]} 23. Qb2+ {[%emt 0:01:22]} Kg8 {[%emt 0:00:00]} 24. Rc2 {[%emt 0:00:43]} Bd3 {[%emt 0:00:00]} 0-1

[Event "127th NZ Congress Major 2020"]
[Site "Tauranga"]
[Date "2020.01.16"]
[Round "1.2"]
[White "Henry, Paul"]
[Black "Chen, Matthew"]
[Result "1-0"]
[WhiteElo "2375"]
[BlackElo "1596"]
[Annotator "TA"]
[PlyCount "43"]
[EventDate "2020.01.14"]
[EventType "swiss"]
[EventCountry "NZL"]
[SourceTitle "playchess.com"]
[Source "ChessBase"]
[SourceQuality "1"]

{[%evp 12,42,1,-1,25,-45,16,-87,16,9,27,30,28,27,48,39,70,52,68,68,103,96,110,97,110,63,125,68,232,208,29989,29990,29999]} 1. c4 Nf6 2. g3 g6 3. b3 Bg7 4. Bb2 O-O 5. Bg2 d6 6. Nf3 e5 7. d3 Ne8 {White should prevent ...e4! A15: English Opening: 1...Nf6} (7... c5 8. O-O Nc6 9. Nc3 Ne8 10. Nd2 f5 11. a3 h5 12. Nd5 h4 13. b4 hxg3 14. hxg3 Be6 15. Rb1 Rb8 16. Qa4 cxb4 17. axb4 a6 {1-0 (59) Almasi,Z (2687)-Kozul,Z (2593) Hungary 2019}) 8. O-O (8. Qd2 $1 $11) 8... f5 ({Black should play} 8... e4 $1 $15 9. Bxg7 exf3 10. Bxf8 fxg2 11. Kxg2 Qf6) 9. Nbd2 $146 {[#]} (9. Qd2 $11 {remains equal.}) ({Predecessor:} 9. Nc3 c6 10. Nd2 Nf6 11. Rc1 Be6 12. Qc2 g5 13. e3 f4 14. d4 Ng4 15. gxf4 gxf4 {½-½ (28) Trmac,R (1770)-Pfeffer,E (1936) Czechia 2012}) 9... g5 (9... e4 $1 $17 {[%cal Re4f3]} 10. Bxg7 exf3 11. Bxf8 fxg2 12. Kxg2 Kxf8) 10. Ne1 $11 f4 11. Ne4 h6 12. d4 Nc6 {[%cal Rc6d4]} 13. dxe5 fxg3 14. hxg3 Bxe5 15. Qd5+ Kh7 16. Bxe5 Nxe5 17. Rd1 $36 {[%mdl 2048] aiming for Qxe5! White is in control.} Qe7 18. Nc2 Qe6 (18... Nf6 $14 19. Nxf6+ Rxf6) 19. Ne3 (19. Qd4 $16) 19... Ng4 $2 {[#]} ({Better is} 19... Qxd5 $14 20. Nxd5 (20. cxd5 Bd7 $16) 20... Be6) 20. Qd3 $1 $18 {Black must now prevent Nxg5+.} Nxe3 $2 (20... Qg6 $18 21. Nxg5+ {[%mdl 64] Pin} Kg7) 21. Nxg5+ {[%mdl 64] Double Attack, Discovered Attack (Double check)} ({Less strong is} 21. fxe3 Rxf1+ 22. Kxf1 (22. Rxf1 Kg7 $14) 22... Kg7 $16) 21... Kh8 22. Qh7# {Accuracy: White = 55%, Black =  8%.} 1-0

[Event "127th NZ Congress Major 2020"]
[Site "Tauranga"]
[Date "2020.01.16"]
[Round "1.3"]
[White "Gong, Jie"]
[Black "Tang, Hao"]
[Result "0-1"]
[WhiteElo "1531"]
[BlackElo "1624"]
[Annotator "NA"]
[PlyCount "72"]
[EventDate "2020.01.14"]
[EventType "swiss"]
[EventCountry "NZL"]
[SourceTitle "playchess.com"]
[Source "ChessBase"]
[SourceQuality "1"]
[TimeControl "40/5400+30:1800+30"]

1. d4 {[%emt 0:00:00]} Nf6 {[%emt 0:00:00]} 2. c4 {[%emt 0:00:00]} c5 {[%emt 0:00:05]} 3. Nf3 {[%emt 0:00:29]} cxd4 {[%emt 0:01:44]} 4. Qxd4 {[%emt 0:01:28]} Nc6 {[%emt 0:00:16]} 5. Qd1 {[%emt 0:00:27]} g6 {[%emt 0:01:38]} 6. Nc3 {[%emt 0:02:28]} Bg7 {[%emt 0:00:37]} 7. e3 {[%emt 0:01:56]} O-O {[%emt 0:00:38]} 8. Be2 {[%emt 0:06:39]} d6 {[%emt 0:00:12]} 9. O-O {[%emt 0:01:12]} Bf5 {[%emt 0:06:57]} 10. Bd3 {[%emt 0:00:38]} Bg4 {[%emt 0:01:10]} 11. Be2 {[%emt 0:02:08]} a6 {[%emt 0:04:46]} 12. a3 {[%emt 0:00:14]} e5 {[%emt 0:00:24]} 13. h3 {[%emt 0:01:42]} Bf5 {[%emt 0:01:35]} 14. Qb3 {[%emt 0:04:04]} Na5 {[%emt 0:11:11]} 15. Qa2 {[%emt 0:02:05]} Rc8 {[%emt 0:01:40]} 16. b4 {[%emt 0:05:18]} Nc6 {[%emt 0:00:37]} 17. Rd1 {[%emt 0:11:47]} Ne8 {[%emt 0:08:28]} 18. e4 {[%emt 0:03:28]} Be6 {[%emt 0:01:51]} 19. Bg5 {[%emt 0:06:03]} Qd7 {[%emt 0:05:40]} 20. Rac1 {[%emt 0:04:05]} Nd4 {[%emt 0:01:13]} 21. Nd5 {[%emt 0:06:39]} Bxd5 {[%emt 0:09:39]} 22. cxd5 {[%emt 0:01:51]} Nxe2+ {[%emt 0:01:03]} 23. Qxe2 {[%emt 0:02:32]} Nc7 {[%emt 0:00:01]} 24. Nd2 {[%emt 0:07:01]} b5 {[%emt 0:05:11]} 25. Nb3 {[%emt 0:03:28]} f5 {[%emt 0:00:59]} 26. f3 {[%emt 0:01:58]} fxe4 {[%emt 0:05:53]} 27. Qxe4 {[%emt 0:02:32]} Rf5 {[%emt 0:02:49]} 28. Qe3 {[%emt 0:02:56]} Rcf8 {[%emt 0:03:00]} 29. Kh2 {[%emt 0:06:56]} Kh8 {[%emt 0:00:32]} 30. Na5 {[%emt 0:05:36]} Qf7 {[%emt 0:02:00]} 31. Qa7 {[%emt 0:02:33]} Rxg5 {[%emt 0:07:36]} 32. Qxc7 {[%emt 0:02:33]} Rxg2+ {[%emt 0:02:28]} 33. Kxg2 {[%emt 0:01:07]} Qxf3+ {[%emt 0:00:08]} 34. Kh2 {[%emt 0:00:42]} Qe2+ {[%emt 0:02:02]} 35. Kg1 {[%emt 0:00:36]} Qe3+ {[%emt 0:00:12]} 36. Kh2 {[%emt 0:01:10]} Rf2+ {[%emt 0:00:18]} 0-1

[Event "127th NZ Congress Major 2020"]
[Site "Tauranga"]
[Date "2020.01.16"]
[Round "1.4"]
[White "Carpinter, Bernard"]
[Black "Taylor, Stephan James"]
[Result "1/2-1/2"]
[WhiteElo "1708"]
[BlackElo "1528"]
[Annotator "NA"]
[PlyCount "62"]
[EventDate "2020.01.14"]
[EventType "swiss"]
[EventCountry "NZL"]
[SourceTitle "playchess.com"]
[Source "ChessBase"]
[SourceQuality "1"]
[TimeControl "40/5400+30:1800+30"]

1. Nf3 {[%emt 0:00:00]} f5 {[%emt 0:00:00]} 2. d3 {[%emt 0:00:00]} Nf6 {[%emt 0:00:03]} 3. g3 {[%emt 0:01:23]} d6 {[%emt 0:00:08]} 4. Bg2 {[%emt 0:00:10]} e5 {[%emt 0:00:06]} 5. c4 {[%emt 0:00:15]} Be7 {[%emt 0:00:08]} 6. Nc3 {[%emt 0:00:23]} O-O {[%emt 0:00:31]} 7. O-O {[%emt 0:00:07]} Kh8 {[%emt 0:01:42]} 8. Rb1 {[%emt 0:00:25]} Qe8 {[%emt 0:00:47]} 9. b4 {[%emt 0:00:35]} Qh5 {[%emt 0:00:28]} 10. Nd5 {[%emt 0:01:55]} Nxd5 {[%emt 0:00:15]} 11. cxd5 {[%emt 0:00:08]} f4 {[%emt 0:00:21]} 12. Qc2 {[%emt 0:00:28]} Bd8 {[%emt 0:00:43]} 13. Rb3 {[%emt 0:16:33]} Bf5 {[%emt 0:03:51]} 14. Qc4 {[%emt 0:08:04]} Nd7 {[%emt 0:00:14]} 15. Rb2 {[%emt 0:04:46]} Nf6 {[%emt 0:00:12]} 16. gxf4 {[%emt 0:02:39]} exf4 {[%emt 0:00:24]} 17. Bxf4 {[%emt 0:01:12]} Bh3 {[%emt 1:28:37]} 18. Bg3 {[%emt 0:01:06]} Bxg2 {[%emt 0:00:00]} 19. Kxg2 {[%emt 0:00:08]} Qxd5 {[%emt 0:00:00]} 20. Qxd5 {[%emt 0:02:24]} Nxd5 {[%emt 0:00:00]} 21. Nd4 {[%emt 0:00:15]} Bf6 {[%emt 0:00:00]} 22. e3 {[%emt 0:00:55]} Bxd4 {[%emt 0:00:00]} 23. exd4 {[%emt 0:00:07]} Nf4+ {[%emt 0:00:00]} 24. Kg1 {[%emt 0:02:05]} Nxd3 {[%emt 0:00:00]} 25. Rb3 {[%emt 0:00:17]} Nf4 {[%emt 0:00:00]} 26. Re1 {[%emt 0:01:17]} Nd5 {[%emt 0:00:00]} 27. b5 {[%emt 0:02:21]} b6 {[%emt 0:00:00]} 28. Kg2 {[%emt 0:07:11]} Kg8 {[%emt 0:00:00]} 29. Ra3 {[%emt 0:00:38]} Nf4+ {[%emt 0:00:00]} 30. Bxf4 {[%emt 0:12:39]} Rxf4 {[%emt 0:00:00]} 31. Re7 {[%emt 0:00:12]} Rf7 {[%emt 0:00:00]} 1/2-1/2

[Event "127th NZ Congress Major 2020"]
[Site "Tauranga"]
[Date "2020.01.16"]
[Round "1.5"]
[White "Hooton, Barry R"]
[Black "McDougall, Euan"]
[Result "0-1"]
[WhiteElo "1474"]
[BlackElo "1679"]
[Annotator "NA"]
[PlyCount "64"]
[EventDate "2020.01.14"]
[EventType "swiss"]
[EventCountry "NZL"]
[SourceTitle "playchess.com"]
[Source "ChessBase"]
[SourceQuality "1"]
[TimeControl "40/5400+30:1800+30"]

1. d4 {[%emt 0:00:00]} Nf6 {[%emt 0:19:00]} 2. c4 {[%emt 0:00:11]} e6 {[%emt 0:00:44]} 3. Nc3 {[%emt 0:01:36]} b6 {[%emt 0:00:24]} 4. Bg5 {[%emt 0:05:21]} Bb7 {[%emt 0:00:21]} 5. Nf3 {[%emt 0:00:42]} c5 {[%emt 0:01:02]} 6. e3 {[%emt 0:01:39]} Be7 {[%emt 0:00:26]} 7. Bd3 {[%emt 0:01:54]} O-O {[%emt 0:00:29]} 8. O-O {[%emt 0:00:06]} cxd4 {[%emt 0:01:00]} 9. exd4 {[%emt 0:00:58]} d5 {[%emt 0:00:29]} 10. cxd5 {[%emt 0:06:24]} Nxd5 {[%emt 0:01:52]} 11. Bxe7 {[%emt 0:03:02]} Qxe7 {[%emt 0:00:09]} 12. Bc4 {[%emt 0:07:47]} Nxc3 {[%emt 0:03:20]} 13. bxc3 {[%emt 0:00:40]} Rc8 {[%emt 0:00:08]} 14. Qd3 {[%emt 0:05:30]} Nd7 {[%emt 0:00:30]} 15. Bb3 {[%emt 0:03:16]} Rc7 {[%emt 0:00:33]} 16. Rac1 {[%emt 0:00:57]} Rac8 {[%emt 0:00:19]} 17. Qe3 {[%emt 0:03:46]} Qf6 {[%emt 0:00:41]} 18. Rfd1 {[%emt 0:03:25]} Bxf3 {[%emt 0:01:34]} 19. gxf3 {[%emt 0:03:26]} Qg6+ {[%emt 0:00:13]} 20. Kf1 {[%emt 0:02:54]} Nf6 {[%emt 0:00:23]} 21. Ke2 {[%emt 0:01:42]} Qh5 {[%emt 0:00:55]} 22. Rg1 {[%emt 0:02:42]} Nd5 {[%emt 0:00:18]} 23. Bxd5 {[%emt 0:01:00]} Qxd5 {[%emt 0:00:03]} 24. Rc2 {[%emt 0:04:53]} Qa5 {[%emt 0:07:44]} 25. Rgc1 {[%emt 0:06:42]} b5 {[%emt 0:01:28]} 26. Qd2 {[%emt 0:07:04]} Qa4 {[%emt 0:00:56]} 27. Ke1 {[%emt 0:02:13]} Qc4 {[%emt 0:00:20]} 28. h4 {[%emt 0:01:20]} Qd5 {[%emt 0:00:05]} 29. Qf4 {[%emt 0:01:55]} Rc4 {[%emt 0:01:18]} 30. Qe4 {[%emt 0:04:47]} Qd7 {[%emt 0:01:36]} 31. Kd2 {[%emt 0:01:28]} b4 {[%emt 0:00:34]} 32. cxb4 {[%emt 0:01:36]} Rxd4+ {[%emt 0:00:02]} 0-1

[Event "127th NZ Congress Major 2020"]
[Site "Tauranga"]
[Date "2020.01.16"]
[Round "2.1"]
[White "Patterson, Miles"]
[Black "Zhang, Boyuan"]
[Result "1-0"]
[WhiteElo "1954"]
[BlackElo "1588"]
[Annotator "NA"]
[PlyCount "133"]
[EventDate "2020.01.14"]
[EventType "swiss"]
[EventCountry "NZL"]
[SourceTitle "playchess.com"]
[Source "ChessBase"]
[SourceQuality "1"]
[TimeControl "40/5400+30:1800+30"]

1. c4 {[%emt 0:00:00]} e5 {[%emt 0:00:00]} 2. Nc3 {[%emt 0:00:05]} Nc6 {[%emt 0:00:00]} 3. Nf3 {[%emt 0:00:27]} f5 {[%emt 0:00:09]} 4. d4 {[%emt 0:00:38]} e4 {[%emt 0:02:48]} 5. Ng5 {[%emt 0:00:07]} Be7 {[%emt 0:02:21]} 6. Nh3 {[%emt 0:00:23]} Nf6 {[%emt 0:01:01]} 7. e3 {[%emt 0:00:56]} O-O {[%emt 0:04:47]} 8. Nf4 {[%emt 0:00:37]} b6 {[%emt 0:03:36]} 9. Ncd5 {[%emt 0:04:48]} Nb4 {[%emt 0:03:40]} 10. Nxb4 {[%emt 0:04:20]} Bxb4+ {[%emt 0:00:08]} 11. Bd2 {[%emt 0:00:06]} Bxd2+ {[%emt 0:01:46]} 12. Qxd2 {[%emt 0:00:09]} g5 {[%emt 0:12:15]} 13. Ne2 {[%emt 0:02:34]} d5 {[%emt 0:02:54]} 14. Nc3 {[%emt 0:03:30]} Bb7 {[%emt 0:00:34]} 15. h4 {[%emt 0:01:07]} h6 {[%emt 0:03:00]} 16. hxg5 {[%emt 0:03:37]} hxg5 {[%emt 0:00:02]} 17. cxd5 {[%emt 0:01:03]} Nxd5 {[%emt 0:00:48]} 18. Bc4 {[%emt 0:00:55]} Kg7 {[%emt 0:01:11]} 19. O-O-O {[%emt 0:00:44]} Nxc3 {[%emt 0:01:32]} 20. Qxc3 {[%emt 0:00:19]} Bd5 {[%emt 0:01:05]} 21. Bxd5 {[%emt 0:04:56]} Qxd5 {[%emt 0:00:02]} 22. Qxc7+ {[%emt 0:00:48]} Rf7 {[%emt 0:01:24]} 23. Qh2 {[%emt 0:00:30]} Qc6+ {[%emt 0:25:27]} 24. Kb1 {[%emt 0:00:25]} Qg6 {[%emt 0:00:26]} 25. Qe5+ {[%emt 0:01:23]} Qf6 {[%emt 0:01:16]} 26. Qxf6+ {[%emt 0:00:46]} Rxf6 {[%emt 0:01:03]} 27. Rc1 {[%emt 0:00:29]} Rf7 {[%emt 0:00:46]} 28. Rh5 {[%emt 0:03:10]} Kg6 {[%emt 0:01:09]} 29. Rch1 {[%emt 0:00:17]} Raf8 {[%emt 0:04:15]} 30. Rh6+ {[%emt 0:00:52]} Kg7 {[%emt 0:00:02]} 31. g3 {[%emt 0:09:40]} f4 {[%emt 0:02:23]} 32. gxf4 {[%emt 0:00:07]} gxf4 {[%emt 0:00:22]} 33. Re6 {[%emt 0:00:44]} fxe3 {[%emt 0:03:21]} 34. fxe3 {[%emt 0:00:06]} Rf2 {[%emt 0:00:55]} 35. Rg1+ {[%emt 0:01:02]} Kh7 {[%emt 0:05:26]} 36. Rxe4 {[%emt 0:01:05]} Rh2 {[%emt 0:01:14]} 37. Re5 {[%emt 0:09:27]} a6 {[%emt 0:02:09]} 38. Re6 {[%emt 0:00:18]} b5 {[%emt 0:00:56]} 39. Re1 {[%emt 0:05:21]} Rff2 {[%emt 0:01:14]} 40. Rxa6 {[%emt 0:00:00]} Rxb2+ {[%emt 0:00:00]} 41. Ka1 {[%emt 0:00:10]} Kg7 {[%emt 0:01:17]} 42. e4 {[%emt 0:02:01]} Rhd2 {[%emt 0:02:37]} 43. Rc1 {[%emt 0:00:48]} Rbc2 {[%emt 0:01:17]} 44. Rxc2 {[%emt 0:02:27]} Rxc2 {[%emt 0:00:02]} 45. a3 {[%emt 0:03:26]} Rc4 {[%emt 0:01:02]} 46. Rd6 {[%emt 0:00:12]} Kf7 {[%emt 0:00:28]} 47. Kb2 {[%emt 0:00:19]} Ke7 {[%emt 0:00:53]} 48. e5 {[%emt 0:01:21]} Ke8 {[%emt 0:01:32]} 49. d5 {[%emt 0:06:54]} Ke7 {[%emt 0:00:39]} 50. Rb6 {[%emt 0:00:30]} Rc5 {[%emt 0:00:56]} 51. Rd6 {[%emt 0:00:57]} Rc4 {[%emt 0:00:14]} 52. Kb3 {[%emt 0:00:21]} Re4 {[%emt 0:00:37]} 53. Re6+ {[%emt 0:03:17]} Kd7 {[%emt 0:00:15]} 54. Kc3 {[%emt 0:01:32]} Ra4 {[%emt 0:00:55]} 55. Rb6 {[%emt 0:01:00]} Rxa3+ {[%emt 0:01:50]} 56. Kb4 {[%emt 0:00:21]} Re3 {[%emt 0:01:48]} 57. Rd6+ {[%emt 0:03:57]} Ke7 {[%emt 0:00:16]} 58. Re6+ {[%emt 0:00:35]} Kd7 {[%emt 0:00:15]} 59. Kxb5 {[%emt 0:00:48]} Rc3 {[%emt 0:01:27]} 60. Rd6+ {[%emt 0:00:55]} Ke7 {[%emt 0:00:11]} 61. Rc6 {[%emt 0:02:03]} Re3 {[%emt 0:01:01]} 62. e6 {[%emt 0:03:59]} Re1 {[%emt 0:00:59]} 63. Rc7+ {[%emt 0:04:14]} Kd8 {[%emt 0:01:12]} 64. Rd7+ {[%emt 0:00:13]} Ke8 {[%emt 0:00:27]} 65. Kc6 {[%emt 0:00:11]} Ra1 {[%emt 0:00:36]} 66. Rb7 {[%emt 0:02:32]} Ra6+ {[%emt 0:00:31]} 67. Rb6 {[%emt 0:00:13]} 1-0

[Event "127th NZ Congress Major 2020"]
[Site "Tauranga"]
[Date "2020.01.16"]
[Round "2.2"]
[White "Ashe, Michael"]
[Black "Henry, Paul"]
[Result "1-0"]
[WhiteElo "1460"]
[BlackElo "2375"]
[Annotator "TA"]
[PlyCount "63"]
[EventDate "2020.01.14"]
[EventType "swiss"]
[EventCountry "NZL"]
[SourceTitle "playchess.com"]
[Source "ChessBase"]
[SourceQuality "1"]

{[%evp 11,63,35,36,0,0,7,0,0,41,53,51,12,14,0,0,-14,17,12,26,21,20,13,31,-19,0,-104,-107,-132,-119,-124,8,14,32,22,38,0,18,31,32,33,258,0,0,0,0,0,386,386,651,651,637,620,591,549]} 1. d4 Nf6 2. c4 g6 3. Nc3 d5 4. cxd5 Nxd5 5. e4 Nxc3 6. bxc3 Bg7 7. Bg5 {D85: Exchange Grünfeld: Unusual White 7th moves and lines with 7 Nf3} c5 8. Rc1 Qa5 {Threatens to win with ...cxd4.} (8... O-O 9. d5 h6 10. Be3 e6 11. c4 Na6 12. Qd2 Re8 13. Bd3 exd5 14. cxd5 Nb4 {0-1 (52) Nakamura,H (2777)-Vachier Lagrave,M (2779) chess.com INT 2018}) 9. Qd2 {The position is equal.} b6 10. Nf3 O-O $146 ({Predecessor:} 10... Ba6 11. d5 Bxf1 12. Kxf1 h6 13. Bf4 Nd7 14. h4 O-O-O {½-½ (26) Perdomo,L (2376)-Gattass,A (2256) Cuiaba 2012}) 11. Be2 Ba6 12. Bxa6 ({Reject} 12. Bxe7 Re8 $17) 12... Qxa6 13. Qe2 (13. h4 {looks sharper.} cxd4 14. cxd4 Nd7 15. Qe2 Qa5+ 16. Qd2) 13... Qxe2+ 14. Kxe2 h6 15. Be3 Nd7 16. Nd2 Rac8 17. Kd3 Rfd8 18. f3 (18. Ke2 $11 {keeps the balance.}) 18... cxd4 $17 19. cxd4 Nc5+ $1 20. Ke2 Ne6 (20... Bxd4 $17 21. Bxh6 Bb2) 21. d5 $36 {[%mdl 2048] White is pushing.} Nc7 22. Nb3 Nb5 23. Bd2 Bb2 24. Rxc8 Rxc8 25. Kd3 a5 $2 (25... e6 $14) 26. Bxh6 $2 (26. Rb1 $18 Be5 27. Nxa5 {[%mdl 64] Discovered Attack} (27. Bxh6 Rc3+ 28. Kd2 Kh7 $11) 27... bxa5 28. Rxb5) 26... Rc3+ 27. Kd2 {[#] Black must now prevent Rb1.} a4 28. Rb1 Rxb3 $2 {[%mdl 8192]} (28... a3 $11 {and Black is okay.}) 29. axb3 $18 Bc3+ $2 (29... a3 30. Rxb2 axb2) 30. Kd3 {White is clearly winning.} a3 31. Kc4 a2 32. Rd1 {Accuracy: White = 35%, Black = 31%.} 1-0

[Event "127th NZ Congress Major 2020"]
[Site "Tauranga"]
[Date "2020.01.16"]
[Round "2.3"]
[White "Tang, Hao"]
[Black "Perrin, Brent"]
[Result "1-0"]
[WhiteElo "1624"]
[BlackElo "1804"]
[Annotator "NA"]
[PlyCount "109"]
[EventDate "2020.01.14"]
[EventType "swiss"]
[EventCountry "NZL"]
[SourceTitle "playchess.com"]
[Source "ChessBase"]
[SourceQuality "1"]
[TimeControl "40/5400+30:1800+30"]

1. d4 {[%emt 0:00:00]} e6 {[%emt 0:00:00]} 2. Nf3 {[%emt 0:00:00]} f5 {[%emt 0:00:00]} 3. Bf4 {[%emt 0:01:06]} Nf6 {[%emt 0:00:00]} 4. e3 {[%emt 0:00:58]} Be7 {[%emt 0:00:52]} 5. Bd3 {[%emt 0:00:48]} Ne4 {[%emt 0:01:45]} 6. Nbd2 {[%emt 0:01:47]} d5 {[%emt 0:01:05]} 7. O-O {[%emt 0:00:30]} O-O {[%emt 0:00:31]} 8. c4 {[%emt 0:01:35]} c6 {[%emt 0:00:27]} 9. h3 {[%emt 0:03:01]} Bd6 {[%emt 0:09:16]} 10. Ne5 {[%emt 0:02:01]} Nxd2 {[%emt 0:08:04]} 11. Qxd2 {[%emt 0:00:15]} g5 {[%emt 0:01:54]} 12. Bh2 {[%emt 0:01:22]} Nd7 {[%emt 0:05:36]} 13. f4 {[%emt 0:07:48]} Nxe5 {[%emt 0:07:57]} 14. dxe5 {[%emt 0:03:48]} Bc7 {[%emt 0:09:22]} 15. cxd5 {[%emt 0:00:41]} cxd5 {[%emt 0:00:27]} 16. fxg5 {[%emt 0:00:59]} Bd7 {[%emt 0:12:58]} 17. h4 {[%emt 0:04:38]} Qe8 {[%emt 0:00:18]} 18. Qe2 {[%emt 0:03:32]} a6 {[%emt 0:03:01]} 19. h5 {[%emt 0:17:13]} Bb5 {[%emt 0:00:46]} 20. Bxb5 {[%emt 0:02:43]} Qxb5 {[%emt 0:01:21]} 21. Qxb5 {[%emt 0:00:09]} axb5 {[%emt 0:00:06]} 22. a3 {[%emt 0:03:21]} Bb6 {[%emt 0:00:20]} 23. Bf4 {[%emt 0:01:13]} Rfc8 {[%emt 0:00:35]} 24. Rac1 {[%emt 0:00:17]} Rc4 {[%emt 0:00:45]} 25. Rxc4 {[%emt 0:03:44]} bxc4 {[%emt 0:00:11]} 26. Rc1 {[%emt 0:01:40]} Kf7 {[%emt 0:01:34]} 27. Kf2 {[%emt 0:00:16]} Rg8 {[%emt 0:06:08]} 28. Kf3 {[%emt 0:00:47]} Bd8 {[%emt 0:01:44]} 29. b3 {[%emt 0:02:01]} b5 {[%emt 0:04:53]} 30. a4 {[%emt 0:10:11]} bxa4 {[%emt 0:02:26]} 31. bxc4 {[%emt 0:00:08]} dxc4 {[%emt 0:00:38]} 32. Rxc4 {[%emt 0:00:07]} a3 {[%emt 0:00:18]} 33. Ra4 {[%emt 0:00:22]} Be7 {[%emt 0:00:19]} 34. e4 {[%emt 0:05:20]} Rb8 {[%emt 0:06:19]} 35. exf5 {[%emt 0:02:15]} Rb3+ {[%emt 0:01:32]} 36. Ke4 {[%emt 0:02:54]} Rb4+ {[%emt 0:02:06]} 37. Rxb4 {[%emt 0:00:16]} exf5+ {[%emt 0:02:16]} 38. Kxf5 {[%emt 0:00:30]} Bxb4 {[%emt 0:00:21]} 39. Bc1 {[%emt 0:00:36]} a2 {[%emt 0:00:09]} 40. Bb2 {[%emt 0:00:00]} Be7 {[%emt 0:00:00]} 41. e6+ {[%emt 0:02:16]} Kg8 {[%emt 0:04:58]} 42. h6 {[%emt 0:02:34]} Bf8 {[%emt 0:01:01]} 43. g4 {[%emt 0:04:29]} Be7 {[%emt 0:01:24]} 44. g6 {[%emt 0:00:26]} Bf8 {[%emt 0:01:01]} 45. gxh7+ {[%emt 0:41:53]} Kxh7 {[%emt 0:00:08]} 46. g5 {[%emt 0:00:00]} Be7 {[%emt 0:00:40]} 47. Ba1 {[%emt 0:00:00]} Bd8 {[%emt 0:00:37]} 48. Kg4 {[%emt 0:00:00]} Kg6 {[%emt 0:00:28]} 49. Bb2 {[%emt 0:00:00]} Be7 {[%emt 0:02:35]} 50. h7 {[%emt 0:00:00]} Kxh7 {[%emt 0:00:17]} 51. Kh5 {[%emt 0:00:00]} Bf8 {[%emt 0:03:44]} 52. g6+ {[%emt 0:00:00]} Kg8 {[%emt 0:00:08]} 53. Kg5 {[%emt 0:00:00]} Bg7 {[%emt 0:01:58]} 54. e7 {[%emt 0:00:00]} Bf6+ {[%emt 0:00:15]} 55. Kxf6 {[%emt 0:00:00]} 1-0

[Event "127th NZ Congress Major 2020"]
[Site "Tauranga"]
[Date "2020.01.16"]
[Round "2.4"]
[White "McDougall, Euan"]
[Black "Deng, Abraham"]
[Result "1-0"]
[WhiteElo "1679"]
[BlackElo "1558"]
[Annotator "NA"]
[PlyCount "61"]
[EventDate "2020.01.14"]
[EventType "swiss"]
[EventCountry "NZL"]
[SourceTitle "playchess.com"]
[Source "ChessBase"]
[SourceQuality "1"]
[TimeControl "40/5400+30:1800+30"]

1. e4 {[%emt 0:00:00]} c5 {[%emt 0:00:00]} 2. Nf3 {[%emt 0:00:00]} Nc6 {[%emt 0:00:00]} 3. b3 {[%emt 0:00:00]} d6 {[%emt 0:00:02]} 4. Bb2 {[%emt 0:00:00]} Nf6 {[%emt 0:00:24]} 5. Qe2 {[%emt 0:00:00]} e5 {[%emt 0:00:25]} 6. c3 {[%emt 0:00:12]} Bg4 {[%emt 0:00:48]} 7. h3 {[%emt 0:00:27]} Bh5 {[%emt 0:00:11]} 8. d3 {[%emt 0:00:14]} Be7 {[%emt 0:00:51]} 9. Nbd2 {[%emt 0:00:39]} a6 {[%emt 0:01:41]} 10. Qe3 {[%emt 0:00:14]} O-O {[%emt 0:02:17]} 11. d4 {[%emt 0:00:31]} Re8 {[%emt 0:09:25]} 12. dxe5 {[%emt 0:00:50]} dxe5 {[%emt 0:00:29]} 13. Ba3 {[%emt 0:01:31]} Rc8 {[%emt 0:06:11]} 14. Bd3 {[%emt 0:00:44]} b5 {[%emt 0:03:52]} 15. O-O {[%emt 0:00:39]} Qa5 {[%emt 0:08:00]} 16. Bb2 {[%emt 0:01:06]} Rcd8 {[%emt 0:03:01]} 17. a4 {[%emt 0:00:36]} b4 {[%emt 0:05:32]} 18. Nc4 {[%emt 0:00:16]} Qc7 {[%emt 0:01:50]} 19. cxb4 {[%emt 0:02:59]} Bxf3 {[%emt 0:04:09]} 20. Qxf3 {[%emt 0:00:28]} cxb4 {[%emt 0:01:24]} 21. Rac1 {[%emt 0:03:54]} Nd4 {[%emt 0:04:06]} 22. Bxd4 {[%emt 0:00:07]} Rxd4 {[%emt 0:00:18]} 23. Rfd1 {[%emt 0:00:49]} Bc5 {[%emt 0:02:24]} 24. Ne3 {[%emt 0:00:25]} Red8 {[%emt 0:06:53]} 25. Nf5 {[%emt 0:01:03]} R4d7 {[%emt 0:02:45]} 26. Kh2 {[%emt 0:03:26]} Qb6 {[%emt 0:03:22]} 27. Rc2 {[%emt 0:02:41]} Bxf2 {[%emt 0:07:19]} 28. Rxf2 {[%emt 0:00:27]} Nxe4 {[%emt 0:00:41]} 29. Bxe4 {[%emt 0:00:54]} Rxd1 {[%emt 0:02:30]} 30. Nh6+ {[%emt 0:00:01]} gxh6 {[%emt 0:02:20]} 31. Qxf7+ {[%emt 0:00:03]} 1-0